| 000 -LEADER |
| fixed length control field |
01023nam a2200229Ia 4500 |
| 001 - CONTROL NUMBER |
| control field |
17662 |
| 003 - CONTROL NUMBER IDENTIFIER |
| control field |
GE_BSU |
| 008 - FIXED-LENGTH DATA ELEMENTS--GENERAL INFORMATION |
| fixed length control field |
181216s||||||||xx |||||||||||||| ||und|| |
| 040 ## - CATALOGING SOURCE |
| Transcribing agency |
GE_BSU |
| 080 ## - UNIVERSAL DECIMAL CLASSIFICATION NUMBER |
| Universal Decimal Classification number |
821.353.1(092უიარაღო) +821.353.1.09 |
| 100 ## - MAIN ENTRY--PERSONAL NAME |
| Personal name |
თათარიშვილი,ბენო |
| 245 ## - TITLE STATEMENT |
| Title |
კაცი-ლამპარი |
| 245 ## - TITLE STATEMENT |
| Remainder of title |
[უიარაღოს (კ.თათარიშვილი) ცხოვრება და მოღვაწეობა] |
| 245 ## - TITLE STATEMENT |
| Statement of responsibility, etc. |
რედ.:ლ.გოგოხია;მხატვ.:ო.ვარვარიძე |
| 260 ## - PUBLICATION, DISTRIBUTION, ETC. |
| Place of publication, distribution, etc. |
თბილისი |
| 260 ## - PUBLICATION, DISTRIBUTION, ETC. |
| Name of publisher, distributor, etc. |
ნაკადული |
| 260 ## - PUBLICATION, DISTRIBUTION, ETC. |
| Date of publication, distribution, etc. |
1965 |
| 300 ## - PHYSICAL DESCRIPTION |
| Extent |
72გვ. ; 16სმ. |
| 653 ## - INDEX TERM--UNCONTROLLED |
| Uncontrolled term |
[უიარაღოს (კ. თათარიშვილი) ცხოვრება და მოღვაწეობა] |
| 653 ## - INDEX TERM--UNCONTROLLED |
| Uncontrolled term |
ქართული ლიტერატურის ისტორია და კრიტიკა |
| 942 ## - ADDED ENTRY ELEMENTS (KOHA) |
| Koha item type |
წიგნი |